| 000 | 00937nas a2200301 4500 | ||
|---|---|---|---|
| 001 | BR9206207 | ||
| 003 | BR-BrBNA | ||
| 005 | 20231205092911.0 | ||
| 007 | ta | ||
| 008 | 230509b bl.|||p| |||| 00| 00por d | ||
| 040 |
_aBR-BrBNA _bpor _cBiblioteca Nacional de Agricultura |
||
| 041 | _a(Pt) | ||
| 072 | _aL74 | ||
| 100 | 1 | _aTokarnia, C.H. | |
| 100 | 1 | _aGava, A. | |
| 100 | 1 | _aPeixoto, P.V. | |
| 100 | 1 | _aStolf, L. | |
| 100 | 1 | _aConsorte, L.B. | |
| 100 | 1 | _aDobereiner, J. | |
| 245 | 1 | _aIntoxicacao experimental por Senecio desiderabilis (Compositae)em bovinos | |
| 246 | 1 | _aExperimental poisoning of cattle by Senecio desiderabilis (Compositae) | |
| 650 | _aBOVINO | ||
| 650 | _aPLANTA TOXICA | ||
| 650 | _aINTOXICACAO ANIMAL | ||
| 773 | 0 |
_tPesquisa Veterinaria Brasileira (Brazil) _xISSN 0100-736X _g(Jan-Jun 1990), v. 10(1-2) p. 35-42 _wBR9206207 |
|
| 909 |
_a202311 _bLúcia _c55 _dLúcia Elande |
||
| 942 |
_2AGRIS _n0 _cANA |
||
| 999 |
_c134980 _d134980 |
||